000 00777nam a22002417a 4500
001 37393
003 BD-RjUL
005 20211209052614.0
008 141231r20132010ii a|||| b||| 001 0 eng d
020 _a9788130916033
035 _a(BD-RjUL)37497
040 _aBD-RjUL
_beng
_cBD-RjUL
041 _aeng
082 _222
_a001.42
_bDAI 2013
100 _aDawson, Catherine
_9114717
245 _aIntroduction to research methods :
_ba practical guide for anyone undertaking a research project /
_cCatherine Dawson
250 _a 4th ed.
260 _aNew Delhi :
_bViva Books,
_cc2010 [Reprinted 2013]
300 _ax, 166 p. :
_bill. ;
_c24 cm.
504 _aIncludes bibliographical references and index.
650 _aResearch
_xMethodology.
_9114718
942 _2ddc
_cBK
999 _c37393
_d37393